000 00733nam a2200265 i 4500
001 C2-0112610
003 PPAK
005 20180727103950.0
008 970629s1995 my a|||| ||||| | may d
020 _a9676720526
040 _aPPAK
_beng
_cPPAK
_erda
082 0 4 _a899.232
_223
090 0 0 _a899.232
_bWAN
_dG
090 0 0 _a899.232
_bWAN
_dK
100 0 _aWan Ahmad Ismail,
_eauthor
245 1 0 _aKrisis
_bkumpulan cerpen
264 1 _aPetaling Jaya, Selangor :
_bPustaka Delta Pelajaran ,
_c1995
300 _a195 pages :
_billustrations ;
_c19 cm
336 _2rdacontent
_atext
337 _2rdamedia
_aunmediated
338 _2rdacarrier
_avolume
490 1 _aCenderawasih
830 0 _aCenderawasih
942 _ddc
_cB
999 _c28389
_d28389